Pays qui ont une frontière avec le Brésil - Statistiques

Statistiques générales
  • Ce quiz a été pris 79 fois
  • Le résultat moyen est 9 sur 9
Statistiques - réponses
Pays % Correct
Perou
100%
Paraguay
99%
Uruguay
99%
Argentine
97%
Venezuela
97%
Bolivie
96%
Colombie
96%
Guyane
95%
Suriname
95%
Aucun quiz correspondant
Distribution des résultats
% des personnes avec chaque résultat
Percentile par nombre de réponses
Votre historique - résultats
Vous n’avez pas pris ce quiz